Normal view
MARC view
- Chan,Henry/Lee, Raymond/Dillon,Tharam/Chang,Elizabeth
Entry Personal Name
001 - CONTROL NUMBER
- control field: 240
003 - CONTROL NUMBER IDENTIFIER
- control field: JO-AjAnu
005 - DATE AND TIME OF LATEST TRANSACTION
- control field: 20230606070336.0
008 - FIXED-LENGTH DATA ELEMENTS
- fixed length control field: 230606|| aca||aabn | a|a d
040 ## - CATALOGING SOURCE
- Original cataloging agency: JO-AjAnu
- Transcribing agency: JO-AjAnu
100 ## - HEADING--PERSONAL NAME
- Personal name: Chan,Henry/Lee, Raymond/Dillon,Tharam/Chang,Elizabeth
670 ## - SOURCE DATA FOUND
- Source citation: Work cat.: (JO-AjAnu)126: Chan,Henry/Lee, Raymond/Dillon,Tharam/Chang,Elizabeth, author, E-commerce : fundamentals and applications